Misteri rumah roboh

Bibliographic Details
Format: Book
Published: Kuala lumpur : Hasratpelajar , 1993
Series:Siri salma

MARC

LEADER 00000cam a2200000 7i4500
001 0000079746
005 20180605.0
008 180605
020 |a 9679746461 
020 |a 9679746577 
090 0 0 |a AD   |b MAL 
245 0 0 |a Misteri rumah roboh   |c Disusun oleh Nina Farida 
260 |a Kuala lumpur :   |b Hasratpelajar ,   |c 1993 
490 1 |a Siri salma 
999 |a 0000403528   |b Book   |c Children Collection   |e Cawangan Pontian 
999 |a 0000403549   |b Book   |c Children Collection   |e Cawangan Bandar Penawar 
999 |a 0000768954   |b Book   |c Children Collection   |e Cawangan Bandar Penawar